El poder y la gloria ; El americano impasible / (Record no. 45220)

MARC details
000 -CABECERA
campo de control de longitud fija 00612nam a2200205 a 4500
005 - FECHA Y HORA DE LA ÚLTIMA TRANSACCIÓN
campo de control 20240806064005.0
008 - ELEMENTOS DE LONGITUD FIJA--INFORMACIÓN GENERAL
campo de control de longitud fija 991125s1979 mx 000 0 spa u
020 ## - NÚMERO INTERNACIONAL NORMALIZADO PARA LIBROS
Número Internacional Estándar del Libro 968340085X
035 ## - NÚMERO DE CONTROL DEL SISTEMA
Número de control de sistema UPN01000045220
049 ## - COLECCIÓN
Colección CG
050 #4 - SIGNATURA TOPOGRÁFICA DE LA BIBLIOTECA DEL CONGRESO
Número de clasificación PN6019 G7
Número de documento/Ítem G7.68
100 1# - ASIENTO PRINCIPAL--NOMBRE PERSONAL
Nombre de persona Greene, Graham,
Fechas asociadas al nombre 1904-1991
9 (RLIN) 28382
245 13 - MENCIÓN DE TÍTULO
Título El poder y la gloria ; El americano impasible /
Mención de responsabilidad, etc. Graham Greene ; tr. J. R. Wilcock
260 ## - PUBLICACIÓN, DISTRIBUCIÓN, ETC.
Lugar de publicación, distribución, etc. México :
Nombre del editor, distribuidor, etc. PROMEXA,
Fecha de publicación, distribución, etc. 1979
300 ## - DESCRIPCIÓN FÍSICA
Extensión xiii, 277, 220 p
440 #4 - MENCIÓN DE SERIE/ASIENTO SECUNDARIO--TÍTULO
Título Las grandes obras del siglo veinte
650 #4 - ASIENTO SECUNDARIO DE MATERIA - TERMINO TEMATICO
Término de materia o nombre geográfico como elemento de entrada Literatura inglesa
9 (RLIN) 5228
904 ## - ELEMENTOS DE DATOS D LOCAL, LDD (RLIN)
a AC
b 045222
905 ## - TIPO DE MATERIAL
Tipo de material Libro
Holdings
Estado de retiro Estado de pérdida Fuente del sistema de clasificación o colocación Estado dañado No para préstamo Código de colección Localización permanente Ubicación/localización actual Ubicación en estantería Enumeración/cronología de publicación seriada Total de préstamos Clasificación Código de barras Fecha visto por última vez Número de copia Tipo de ítem Koha
    Library of Congress Classification     Colección General Bib. Gregorio Torres Quintero Bib. Gregorio Torres Quintero Planta baja - 1 PN6019 G7 G7.68 46559 31/12/2020 1 Libro